Fr. Conceicao Rodrigues College of Engineering

Artificial intelligence (Record no. 27634)

MARC details
000 -LEADER
fixed length control field 00319nam a2200145Ia 4500
082 ## - DEWEY DECIMAL CLASSIFICATION NUMBER
Classification number 006.3/LUG
Item number LUG
100 ## - MAIN ENTRY--PERSONAL NAME
Personal name Luger/George F
245 ## - TITLE STATEMENT
Title Artificial intelligence
260 ## - PUBLICATION, DISTRIBUTION, ETC.
Name of publisher, distributor, etc. Pearson Education
Date of publication, distribution, etc. 2005
300 ## - PHYSICAL DESCRIPTION
Extent 903
546 ## - LANGUAGE NOTE
Language note ENGLISH
650 ## - SUBJECT ADDED ENTRY--TOPICAL TERM
Topical term or geographic name entry element Artificial Intelligence
942 ## - ADDED ENTRY ELEMENTS (KOHA)
Koha item type BOOK
Holdings
Withdrawn status Lost status Damaged status Not for loan Collection Home library Current library Date acquired Total Checkouts Full call number Barcode Date last seen Price effective from Koha item type
        CRC Fr. Agnel's C.Rodrigues College of Engineering Fr. Agnel's C.Rodrigues College of Engineering 17/03/2023   006.3/LUG LUG 19738 17/03/2023   BOOK